Udržateľné marketingové stratégie: ako spotrebiteľské správanie formuje obchodnú prax
Tento príspevok skúma prepojenie medzi spotrebiteľským správaním a udržateľným marketingom, pričom zdôrazňuje, ako sa meniace spotrebiteľské preferencie pretvárajú na obchodné praktiky. S narastajúcim povedomím a dopytom po environmentálne a sociálne zodpovedných produktoch sú spoločnosti nútené pri...
Gespeichert in:
| 1. Verfasser: | |
|---|---|
| Format: | Buchkapitel |
| Sprache: | Slowakisch |
| Schlagworte: | |
| Tags: |
Keine Tags, Fügen Sie das erste Tag hinzu!
|
MARC
| LEADER | 00000naa$a2200000$$$4500 | ||
|---|---|---|---|
| 001 | 0305871 | ||
| 005 | 20250108121040.9 | ||
| 041 | 0 | |a slo | |
| 044 | |a SK | ||
| 245 | 1 | 0 | |a Udržateľné marketingové stratégie: ako spotrebiteľské správanie formuje obchodnú prax |c Alexandra Filipová |
| 520 | |a Tento príspevok skúma prepojenie medzi spotrebiteľským správaním a udržateľným marketingom, pričom zdôrazňuje, ako sa meniace spotrebiteľské preferencie pretvárajú na obchodné praktiky. S narastajúcim povedomím a dopytom po environmentálne a sociálne zodpovedných produktoch sú spoločnosti nútené prispôsobiť svoje stratégie, aby zostali konkurencieschopné. Analýza zahŕňa kľúčové prvky udržateľného marketingu, ako sú transparentnosť, ekologické produkty a angažovanosť komunity. Dnešní spotrebitelia sú informovanejší a uvedomelejší, hľadajú produkty a služby, ktoré sú v súlade s ich hodnotami. Environmentálne povedomie, sociálna zodpovednosť a etická výroba sú kľúčové faktory, ktoré spotrebitelia zvažujú pred nákupom. Výsledkom je, že firmy musia tieto princípy zakomponovať do svojich marketingových stratégií, aby si budovali dôveru a lojalitu. | ||
| 610 | 2 | 0 | |a greenwashing |
| 610 | 2 | 0 | |a konkurencieschopnosť |
| 610 | 2 | 0 | |a udržateľnosť |
| 610 | 2 | 0 | |a správanie spotrebiteľa |
| 100 | 1 | |a Filipová, Alexandra, 1999- | |